| 000 | 00701nam a22002417a 4500 | ||
|---|---|---|---|
| 003 | UA-OsUOA | ||
| 001 | 31158 | ||
| 007 | ta | ||
| 008 | 20041206b un ||||| |||| 00| 0 ukr d | ||
| 090 |
_a342.727 _bМ58 |
||
| 942 | _cBK | ||
| 040 |
_aUA-OsUOA _bukr _cUA-OsUOA _dUA-OsUOA |
||
| 245 | _aМіжнародні стандарти забезпечення свободи слова. Збірник публікацій міжнародної організації "Артикль 19" | ||
| 300 | _a140 с. | ||
| 955 | _a0 | ||
| 041 | _aukr | ||
| 080 | _a342.727 | ||
| 020 | _a966-8063-38-37 | ||
| 260 |
_aКиїв _bМіленіум _c2003 |
||
| 044 | _aUA | ||
| 650 | 7 | _2UDC | |
| 999 |
_c317580 _d317580 |
||